| 000 | 00573 a2200193 4500 | ||
|---|---|---|---|
| 999 |
_c4128 _d4128 |
||
| 020 | _a0312206097 | ||
| 050 | _aPR6068 RAN 2000 | ||
| 100 |
_aRankin, Ian _eauthor |
||
| 245 |
_aSet in Darkness/ _cIan Rankin |
||
| 264 |
_aLondon _bOrion _c2000 |
||
| 300 | _a415p. : | ||
| 440 | _aInspector Rebus series | ||
| 500 | _aIncludes acknowledgements | ||
| 650 | _aRebus, Inspector (Fictitious character) -- Fiction | ||
| 650 | _aPolice -- Scotland -- Edinburgh -- Fiction | ||
| 650 | _aEdinburgh (Scotland) -- Fiction | ||
| 651 | _aScotland | ||
| 942 |
_2lcc _cBK _h6068 _iRAN _kPR |
||